000 00457nam a22001817a 4500
005 20240109113426.0
008 190528b xxu||||| |||| 00| 0 eng d
020 _aN 1259
041 _aeng
082 _a615.1
_bKAL-P
100 _aKALE, S.R. AND KALE, R.R.
_94994
245 _aPRACTICAL PHARMACOGOLOGY AND TOXICOLOGY
250 _a11th, Ed, 2019
260 _aPUNE
_bNIRALI PRAKASHAN
300 _a76p,
650 _aPHARMACY
_xB.PHARMA
942 _cBK
999 _c5887
_d5885